000 00954nas a2200325 4500
001 BR2017002883
003 BR-BrBNA
005 20231205131118.0
007 ta
008 230509b bl.|||p| |||| 00| 00por d
040 _aBR-BrBNA
_bpor
_cBiblioteca Nacional de Agricultura
041 _a(En)
072 _aH20
100 1 _aMota, J.M.
100 1 _aMelo, M.P.
100 1 _aSilva, F.F.S.
100 1 _aSousa, E.M.J.
100 1 _aSousa, E.S.
100 1 _aBarguil, B.M.
100 1 _aBezerra Junior, J.E.A.
245 1 _aFungal diversity in lima bean seeds
650 _aFEIJÃO FAVA
650 _aSEMENTE
650 _aDOENÇA
650 _aFUNGO
773 0 _tRevista Brasileira de Engenharia de Biossistemas (Brazil)
_xISSN 2359-6724
_g(2017), v. 11(1) p. 79-87
_wBR2017002883
856 4 0 _uhttp://seer.tupa.unesp.br/index.php/BIOENG/article/view/490/319
909 _a202311
_bLúcia
_c55
_dLúcia Elande
942 _2AGRIS
_n0
_cANA
999 _c253084
_d253084